000 00355nam a22001457a 4500
008 250514b ||||| |||| 00| 0 eng d
020 _a9780324827835
041 _aeng
080 _215 EDITION
_a330LON
082 _2330LON
_a330LON
100 _a23
101 _aBIZNES
245 _aSMALL BUSINESS MANAGEMENT
_cJUSTIN G.LONGENECKER
942 _2udc
_cBK
999 _c60714
_d60714